000 00365 a2200157 4500
001 171231
020 _a
040 _cMagnum
100 _aVon Atzingen, Maria Cristina
240 1 0 _aCacando principes e engolindo sapos
_lpor
245 1 0 _aCacando principes e engolindo sapos
362 0 _a1899
440 1 _aBertrand Brasil
697 _aGERAL
942 _cBK
999 _c171231
_d171231